Nâng cao ý thức bảo vệ môi trường của sinh viên Đại học Đồng Tháp Tiểu luận tốt nghiệp chuyên ngành Sư phạm Địa lý

محفوظ في:
التفاصيل البيبلوغرافية
المؤلف الرئيسي: Lê, Minh Lăng
مؤلفون آخرون: Nguyễn, Thanh Tâm (Hướng dẫn)
التنسيق: عدة كتاب
اللغة:Vietnamese
منشور في: Đồng Tháp Đại học Đồng Tháp 2019
الموضوعات:
الوسوم: إضافة وسم
لا توجد وسوم, كن أول من يضع وسما على هذه التسجيلة!
Thư viện lưu trữ: Trung tâm Học liệu Lê Vũ Hùng, Trường Đại học Đồng Tháp
LEADER 01142npm a22002538a 4500
001 00044335
008 190708s2019####-vm#################vie|d
005 20200804160823.0
041 0 # |a vie 
082 1 4 |a 363.7  |b N122C 
100 0 # |a Lê, Minh Lăng 
245 0 0 |a Nâng cao ý thức bảo vệ môi trường của sinh viên Đại học Đồng Tháp  |b Tiểu luận tốt nghiệp chuyên ngành Sư phạm Địa lý  |c Lê Minh Lăng; Nguyễn Thanh Tâm (hướng dẫn) 
260 # # |a Đồng Tháp  |b Đại học Đồng Tháp  |c 2019 
300 # # |a 24 tr.  |b hình ảnh  |c 29 cm. 
500 # # |a ĐTTS ghi: Trường Đại học Đồng Tháp. Khoa Sư phạm Sử - Địa và GDCT. Bộ môn Địa lý 
653 # # |a Bảo vệ môi trường 
653 # # |a Sinh viên 
653 # # |a Tiểu luận tốt nghiệp 
653 # # |a Ý thức 
653 # # |a Đại học Đồng Tháp 
700 0 # |a Nguyễn, Thanh Tâm  |e Hướng dẫn 
852 # # |j TL.0000023 
980 # # |a Trung tâm Học liệu Lê Vũ Hùng, Trường Đại học Đồng Tháp